000 00380pab a2200157 454500
008 180718b1997 xxu||||| |||| 00| 0 eng d
100 _aWood, Ellen Meiksins
245 _aLabor, the state, and class struggle
260 _c1997
300 _ap.1-17
362 _aJul-Aug
650 _aLabour - United States
650 _aLabour
773 _aMonthly Review
909 _a35692
999 _c35692
_d35692